000 00965nam a22002777a 4500
001 7730
003 FISKH
005 20250827141004.0
008 250801b cb ||||| |||| 00| 0 eng d
040 _aFISKH
_beng
_cFISKH
_dFISKH
050 _aPZ8.3 .T223
082 _a398.8
100 _aFreeman, Tina
245 _aTen little monkeys jumping on the bed /
_cBy Tina Freeman
260 _aSwindon :
_bChild's Play ,
_c2001.
300 _a14 unnumbered pages :
_bcolor illustrations ;
_c21 X 21 cm .
490 _aClassic Books with Holes
505 _aD
520 _aThis illustrated version of the traditional counting rhyme shows a doctor becoming increasingly annoyed as one monkey after another bumps his or her head while jumping on the bed.
521 8 _a160
_bLexile estimate
521 8 _aD
_bRaz-Plus
650 _aNumbers and counting
_vFiction
650 _aMusic - Songs
_vFiction
942 _2ddc
_cBK
_n0
999 _c7730
_d7730